01206nab a22002297a 4500999001500000003000400015005001700019008004100036040000700077100003500084245014500119260007200264300001300336500003900349505025500388505008900643650002600732650003200758650003400790773013900824942001300963 c5890d5890OSt20260109232656.0190605e xxu||||| |||| 00| 0 spa d cPJ 96169aMosquera, Gerardo Raúl13aLa situación de la conviviente ante la muerte del trabajador. Necesidad de interpretar con perspectiva de género /cGerardo R. Mosquera. aCiudad Autónoma de Buenos Aires :bThomson Reuters La Ley,c2023. ap. 52-61 aCita: TR LALEY AR/DOC/1348/2023.  aSumario: I. Introito.— II. La muerte del trabajador y la legitimación en el cobro de los créditos laborales.— III. Supuestos posibles.— IV. Necesidad de realidad una interpretación con perspectiva de género — V. A modo de síntesis.  t¿Te interesa el texto completo? Solicitalo al correo: koha@justierradelfuego.gov.ar 091316aDERECHO LABORAL 094947aMUERTE DEL TRABAJADOR 094044aPERSPECTIVA DE GÉNERO0 0271193168dCiudad Autónoma de Buenos Aires : Thomson Reuters La Ley, 1999-2002.tRevista de derecho del trabajo. Nº 4 - Julio 2023 2udccANA